000 00817nam a2200217 a 4500
001 000016422
005 20200929164423.0
008 100305d1991 dr a 000 0 spa d
040 _aDO-SdBNP
_bspa
_cBNPHU
082 _a581.63
_bS471h
111 2 _aSeminario Tramil. Investigación Científica y uso Popular de Plantas Medicinales
_n(4a :
_d1989 Nov :
_cHonduras)
_936607
245 1 0 _aHacia una farmacopea caribeña /
_cEditor Lionel Robineau.
260 _aSanto Domingo :
_bEnda Caribe,
_c1991.
300 _a474 p. :
_bil. ;
_c22 cm.
500 _aIncluye notas al pie de las páginas
504 _aIncluye referencias bibliográficas
650 4 _aBotanica medica
_zCaribe (Region{Rpara}
_936608
650 4 _aPlantas utiles
_zCaribe (Region{Rpara}
_936609
700 1 _aRobineau, Lionel
_936610
049 _aBNPD
999 _c15957
_d15957